Yhdysvaltain suurimmat kaupungit - Statistics

Yleistilastot
  • Tätä visaa on pelattu 6 420 kertaa
    4 580 viimeisimmän päivityksen jälkeen
  • Keskiarvotulos 20 / 50
Vastaustilastot
Väkiluku Osavaltio Kaupunki % Oikein
8 335 897 New York New York
99%
3 822 238 Kalifornia Los Angeles
93%
671 803 District of Columbia Washington DC
84%
2 665 039 Illinois Chicago
80%
449 514 Florida Miami
79%
1 299 544 Texas Dallas
71%
656 274 Nevada Las Vegas
70%
650 706 Massachusetts Boston
68%
749 256 Washington Seattle
66%
2 302 878 Texas Houston
64%
808 437 Kalifornia San Francisco
64%
1 567 258 Pennsylvania Philadelphia
59%
621 056 Michigan Detroit
57%
713 252 Colorado Denver
49%
499 127 Georgia Atlanta
48%
974 447 Texas Austin
47%
1 644 409 Arizona Phoenix
46%
398 173 Florida Tampa
46%
971 233 Kalifornia San Jose
44%
1 381 162 Kalifornia San Diego
43%
425 096 Minnesota Minneapolis
42%
509 297 Kansas Kansas City
40%
683 622 Tennessee Nashville
39%
635 067 Oregon Portland
35%
1 472 909 Texas San Antonio
33%
694 800 Oklahoma Oklahoma City
32%
880 621 Indiana Indianapolis
31%
907 971 Ohio Columbus
30%
528 001 Kalifornia Sacramento
30%
971 319 Florida Jacksonville
28%
620 376 Tennessee Memphis
28%
569 931 Maryland Baltimore
27%
476 587 Pohjois-Carolina Raleigh
26%
897 720 Pohjois-Carolina Charlotte
25%
563 305 Wisconsin Milwaukee
25%
561 008 New Mexico Albuquerque
21%
677 456 Texas El Paso
21%
956 709 Texas Fort Worth
17%
485 153 Nebraska Omaha
16%
545 567 Arizona Tucson
16%
411 867 Oklahoma Tulsa
16%
624 444 Kentucky Louisville
15%
486 248 Colorado Colorado Springs
14%
430 553 Kalifornia Oakland
13%
455 618 Virginia Virginia Beach
13%
451 307 Kalifornia Long Beach
12%
546 574 Kalifornia Fresno
11%
512 498 Arizona Mesa
11%
396 192 Kansas Wichita
10%
410 647 Kalifornia Bakersfield
9%
Ehtoja vastaavia visoja ei löytynyt
Tulosjakauma
Jokaisen tuloksen saaneiden osuus
Persentiili vastausten määrän mukaan
Tuloshistoriasi
Et ole pelannut tätä visaa sen viimeisimmän päivityksen jälkeen